Music Quiz

Random Music or Artist Quiz
Score 0/200 Timer 20:00
0 Plays Today
Year Artist % Correct
1998The Beatles
92.9%
2010The Beatles
92.9%
1998Michael Jackson
85.8%
2010Michael Jackson
85.7%
1998The Rolling Stones
85.3%
2010The Rolling Stones
85.3%
1998Elvis Presley
76.5%
2010Elvis Presley
76.5%
1998 Madonna
75.7%
2010Madonna
75.7%
1998Elton John
72.1%
2010Elton John
72.1%
1998Nirvana
67.4%
2010Nirvana
67.4%
1998Led Zeppelin
67.2%
2010Led Zeppelin
67.2%
1998The Who
65.7%
2010The Who
65.7%
2010Bob Dylan
61.8%
1998Bob Dylan
61.7%
1998John Lennon
61.6%
2010John Lennon
61.6%
1998U2
60.8%
2010U2
60.8%
1998 Paul McCartney
60.6%
2010Paul McCartney
60.6%
1998Jimi Hendrix
59.4%
2010Jimi Hendrix
59.4%
1998Queen
58.6%
2010Queen
58.6%
1998Bruce Springsteen
56.9%
2010Bruce Springsteen
56.9%
1998Aretha Franklin
55.6%
2010Aretha Franklin
55.6%
1998 Aerosmith
55.4%
2010Aerosmith
55.4%
1998The Beach Boys
55.1%
2010The Beach Boys
55.1%
2010 Whitney Houston
54.7%
1998Prince
54.5%
2010Prince
54.5%
2010 Pearl Jam
53.9%
1998Pink Floyd
53.8%
2010Pink Floyd
53.8%
2010 Beyoncé
53.7%
2010 Eminem
52.9%
2010Metallica
52.9%
2010Jay-Z
52.4%
2010AC/DC
52.4%
1998Eric Clapton
52.1%
1998 Diana Ross & the Supremes
50.8%
1998The Doors
49.5%
2010 The Doors
49.5%
1998The Eagles
49.1%
1998Stevie Wonder
48.9%
2010Stevie Wonder
48.9%
1998Al Green
48.8%
2010Al Green
48.8%
1998 Billy Joel
48.2%
2010 Billy Joel
48.2%
2010 George Michael
47.9%
1998David Bowie
47.5%
2010David Bowie
47.5%
2010Guns N’ Roses
47.5%
2010 Mariah Carey
47.1%
1998James Brown
47%
2010James Brown
47%
Year Artist % Correct
1998The Police
46.9%
2010The Police
46.9%
1998 Johnny Cash
45.7%
2010Johnny Cash
45.7%
1998The Clash
44.8%
2010The Clash
44.8%
1998Marvin Gaye
44.6%
2010Marvin Gaye
44.6%
1998Fleetwood Mac
44.3%
2010Fleetwood Mac
44.3%
1998 Paul Simon
44.2%
2010Black Sabbath
43.5%
1998Janis Joplin
43.4%
2010 Janis Joplin
43.4%
1998Neil Young
42.8%
2010Neil Young
42.8%
1998 Cream
42.2%
2010 Cream
42.2%
1998The Jackson Five
41.7%
1998Van Halen
41.4%
2010Van Halen
41.4%
2010 Tupac Shakur
41.1%
2010 Green Day
40.1%
1998Ray Charles
39.6%
2010Ray Charles
39.6%
1998 B.B. King
39.5%
1998 The Bee Gees
39.5%
2010 Bee Gees
39.5%
1998 The Kinks
39.1%
2010The Kinks
39.1%
1998R.E.M.
39%
2010 R.E.M.
39%
1998Buddy Holly
38.8%
1998 Simon & Garfunkel
38.8%
1998The Sex Pistols
38.6%
2010 Genesis
38.3%
1998Chuck Berry
38.2%
2010Chuck Berry
38.2%
1998 The Temptations
37.8%
2010 Notorious B.I.G.
37.4%
2010 ABBA
37.4%
1998 Carole King
37.3%
1998 Kiss
37.2%
2010 Kiss
37.2%
1998Bob Marley
36.8%
2010Bob Marley
36.8%
1998 Ramones
36.4%
2010Ramones
36.4%
1998 Tina Turner
36.3%
2010Tina Turner
36.3%
1998 Sting
36.2%
2010 Journey
35.8%
1998Crosby, Stills & Nash
35.6%
2010 Beastie Boys
35%
2010 Run-D.M.C
34.6%
1998Creedence Clearwater Revival
34.5%
1998Tom Petty & the Heartbreakers
34.3%
2010 Tom Petty & The Heartbreakers
34.3%
2010 Coldplay
33.9%
1998Little Richard
33.9%
2010 Little Richard
33.9%
1998 James Taylor
32.3%
1998Van Morrison
32.3%
2010 Van Morrison
32.3%
1998Sly & the Family Stone
32.3%
2010Sly & The Family Stone
32.3%
2010 Justin Timberlake
32.1%
Year Artist % Correct
2010Radiohead
31.9%
1998Otis Redding
31%
2010 Otis Redding
31%
1998 Lynyrd Skynyrd
30.7%
2010 Lynyrd Skynyrd
30.7%
1998 The Grateful Dead
30.6%
2010 Rush
30%
1998 Rod Stewart
29.8%
1998 Santana
27.3%
2010 Def Leppard
27%
1998Roy Orbison
26.1%
2010 Public Enemy
26%
1998 The Velvet Underground
26%
2010The Velvet Underground
26%
2010 N.W.A.
25.8%
1998 The Four Tops
25.7%
2010 The Cure
25.4%
1998Joni Mitchell
25.3%
2010Joni Mitchell
25.3%
1998Elvis Costello
25.1%
2010 Elvis Costello
25.1%
1998 The Band
24.9%
2010 The Band
24.9%
1998 Peter Gabriel
24.9%
2010 Peter Gabriel
24.9%
1998 Robert Johnson
24.7%
1998 The Byrds
24.5%
1998Miles Davis
24.2%
1998 Talking Heads
24.2%
2010 Talking Heads
24.2%
1998 The Allman Brothers
23.7%
1998 Smokey Robinson
23.5%
2010 Hall & Oates
23%
1998 Earth, Wind & Fire
22.1%
2010 Earth, Wind and Fire
22.1%
2010 Iggy & The Stooges
22%
1998 Iggy Pop
21.9%
1998 Sam Cooke
21.4%
2010 Alicia Keys
21%
1998 Pretenders
20.4%
2010 Pretenders
20.4%
2010 LL Cool J
19.8%
1998 Muddy Waters
19.5%
1998 Steely Dan
19.3%
2010 Steely Dan
19.3%
2010 Depeche Mode
18.3%
1998 Fats Domino
17.4%
1998 Frank Zappa
17.1%
1998 Gladys Knight & the Pips
16.8%
2010Rage Against The Machine
16.7%
1998 Parliament/Funkadelic
16.3%
2010Parliament/Funkadelic
16.2%
2010 OutKast
16%
2010 Judas Priest
15.4%
1998 Bo Diddley
14.6%
2010 Cheap Trick
14.5%
1998 Curtis Mayfield
12.9%
2010 Curtis Mayfield
12.9%
2010Sade
12.7%
2010 Mary J. Blige
12.7%
1998 John Coltrane
12.1%
1998 Stevie Ray Vaughan
11.9%
1998 Tom Waits
11.4%
1998 Devo
11.2%
1998 T. Rex
11.1%
1998 Traffic
11%
Remove Ads.
Support Sporcle.
Get the best of Sporcle when you Go Orange. This ad-free experience offers more features, more stats, and more fun while also helping to support Sporcle. Thank you for becoming a member.

You're not logged in!

Compare scores with friends on all Sporcle quizzes.
OR
Log In

Show Comments

Extras

Top Quizzes Today


Score Distribution

Your Account Isn't Verified!

In order to create a playlist on Sporcle, you need to verify the email address you used during registration. Go to your Sporcle Settings to finish the process.

Report this User

Report this user for behavior that violates our Community Guidelines.

Details: